书目信息 |
| 题名: |
药物分析
|
|
| 作者: | 欧阳卉 , 唐倩 主编 | |
| 分册: | ||
| 出版信息: | 北京 中国医药科技出版社 2017.1 |
|
| 页数: | 344页 | |
| 开本: | 26cm | |
| 丛书名: | ||
| 单 册: | ||
| 中图分类: | R917 | |
| 科图分类: | ||
| 主题词: | 药物分析--高等职业教育--教材 | |
| 电子资源: | ||
| ISBN: | 978-7-5067-8766-6 | |
| 000 | 00972nam0 2200265 450 | |
| 001 | 0400002358 | |
| 005 | 20171026085058.14 | |
| 010 | @a978-7-5067-8766-6@dCNY52.00 | |
| 100 | @a20170328e2017 em y0chiy50 ea | |
| 101 | 0 | @achi |
| 102 | @aCN@b110000 | |
| 105 | @ay z 000yy | |
| 106 | @ar | |
| 200 | 1 | @a药物分析@9yao wu fen xi@f欧阳卉,唐倩主编 |
| 205 | @a第3版 | |
| 210 | @a北京@c中国医药科技出版社@d2017.1@h2017.7 | |
| 215 | @a344页@d26cm | |
| 300 | @a全国高职高专院校药学类与食品药品类专业“十三五”规划教材 “十二五”职业教育国家规划教材 供药学、药品质量与安全、药品生产技术等专业用 | |
| 330 | @a本书共分为十五章,内容上涵盖了药物分析的性质和任务,药品质量标准,药物的性状、鉴别、杂质检查、含量测定方法及计算,七大类典型药物的质量分析等。 | |
| 606 | 0 | @a药物分析@x高等职业教育@j教材 |
| 690 | @aR917@v5 | |
| 701 | 0 | @a欧阳卉@9ou yang hui@4主编 |
| 701 | 0 | @a唐倩@9tang qian@4主编 |
| 801 | 0 | @aCN@b91MARC@c20171020 |
| 905 | @b1032135-9@dR917@f5@e122=3 | |
| 药物分析/欧阳卉,唐倩主编.-第3版.-北京:中国医药科技出版社,2017.1(2017.7) |
| 344页;26cm |
| 全国高职高专院校药学类与食品药品类专业“十三五”规划教材 “十二五”职业教育国家规划教材 供药学、药品质量与安全、药品生产技术等专业用 |
| ISBN 978-7-5067-8766-6:CNY52.00 |
| 本书共分为十五章,内容上涵盖了药物分析的性质和任务,药品质量标准,药物的性状、鉴别、杂质检查、含量测定方法及计算,七大类典型药物的质量分析等。 |
| ● |
| 相关链接 |
|
|
|
|
正题名:药物分析
索取号:R917/122=3
 
预约/预借
| 序号 | 登录号 | 条形码 | 馆藏地/架位号 | 状态 | 备注 |
| 1 | 1032135 | 210321356 | 第二样本阅览室/ [索取号:R917/122=3] | 在馆 | |
| 2 | 1032136 | 210321365 | 密集书库-生命科学系/ [索取号:R917/122=3] | 在馆 | |
| 3 | 1032137 | 210321374 | 第三借阅区/ [索取号:R917/122=3] | 在馆 | |
| 4 | 1032138 | 210321383 | 第三借阅区/ [索取号:R917/122=3] | 在馆 | |
| 5 | 1032139 | 210321392 | 第三借阅区/ [索取号:R917/122=3] | 在馆 |